[Event "?"]
[Site "?"]
[Date "2011.08.13"]
[Round "3.45"]
[White "Gnass, Arno"]
[Black "Mertens, Yannick"]
[Result "1-0"]
[WhiteElo "1700"]
[BlackElo "1070"]
[PlyCount "109"]
[EventDate "2011.??.??"]
[WhiteTeam "Turnerschaft Bergisch-Gladbach 1"]
[BlackTeam "SF 1974 Heinsberg e.V"]

1. e4 e6 2. d4 d5 3. e5 c5 4. c3 Nc6 5. Nf3 Qb6 6. a4 Nge7 7. dxc5 Qxc5 8. Be3
Qa5 9. Na3 Nf5 10. b4 Qd8 11. Bg5 Be7 12. Bxe7 Ncxe7 13. Bd3 O-O 14. O-O Qc7
15. Rc1 Ng6 16. Nb5 Qb8 17. Re1 a6 18. Bxf5 exf5 19. Nd6 Be6 20. Qd4 Rd8 21.
Ng5 h6 22. Nxe6 fxe6 23. f4 Nh4 24. Qf2 Ng6 25. Qg3 Ne7 26. c4 dxc4 27. Rxc4
Nc8 28. Rec1 Nxd6 29. exd6 Qxd6 30. h4 Qb6+ 31. Kh2 Qd6 32. Qg6 b5 33. Rc6
Qxf4+ 34. Kh3 Qe3+ 35. g3 Re8 36. Rc7 Qe5 37. R1c5 Qf6 38. Qxf6 gxf6 39. axb5
axb5 40. Rxb5 Ra3 41. Rbb7 Kf8 42. Rf7+ Kg8 43. Rxf6 h5 44. Rg6+ Kf8 45. Rh6
Kg8 46. Rxh5 f4 47. Rg5+ Kf8 48. Rg6 f3 49. Rf6+ Kg8 50. Rff7 e5 51. h5 e4 52.
h6 e3 53. Rg7+ Kh8 54. Rh7+ Kg8 55. Rbg7+ 1-0

[Event "?"]
[Site "?"]
[Date "2011.08.13"]
[Round "3.46"]
[White "Schwibbert, Jonas"]
[Black "Zilberman, Rodion"]
[Result "0-1"]
[WhiteElo "1163"]
[BlackElo "1868"]
[PlyCount "104"]
[EventDate "2011.??.??"]
[WhiteTeam "SV 1925 Hürth-Berrenra"]
[BlackTeam "SF Köln-Longerich 195"]

1. d4 g6 2. c4 Bg7 3. Nf3 d6 4. Nc3 Nf6 5. h3 O-O 6. Bf4 c6 7. e3 Qb6 8. Qd2
Nfd7 9. Be2 e5 10. Bg3 f5 11. Ng5 Bf6 12. Ne6 Re8 13. Na4 Rxe6 14. Nxb6 Nxb6
15. d5 cxd5 16. cxd5 Re7 17. Rc1 N8d7 18. b4 Bg7 19. Bh4 Nf6 20. O-O g5 21. Bg3
f4 22. Bh2 Bf5 23. f3 fxe3 24. Qxe3 h6 25. g4 Bg6 26. Bd3 Nfxd5 27. Qd2 Bf7 28.
Be4 Rd8 29. a4 Nf6 30. a5 Nc4 31. Qf2 a6 32. Bd3 Rc7 33. Bxc4 Bxc4 34. Rfd1 Ne8
35. Qb6 Rdd7 36. Kg2 Rc6 37. Qe3 Rf7 38. Rc2 Bf1+ 39. Kxf1 Rxc2 40. Bg3 Rc6 41.
Ke1 Nc7 42. Qb3 Nb5 43. Bf2 Kf8 44. Rd5 Rc3 45. Qd1 Rfc7 46. Bc5 dxc5 47. bxc5
Nd4 48. Qa4 Ke7 49. Kd2 Nb5 50. c6 R3xc6 51. Qb4+ Ke6 52. Qb3 Rc3 0-1

[Event "?"]
[Site "?"]
[Date "2011.08.13"]
[Round "3.47"]
[White "Statz, Samuel"]
[Black "Schwark, Mario"]
[Result "0-1"]
[WhiteElo "995"]
[BlackElo "1842"]
[PlyCount "84"]
[EventDate "2011.??.??"]
[WhiteTeam "SV Erftstadt e.V."]
[BlackTeam "SG Kalker/Deutze"]

1. e4 c5 2. Nf3 d6 3. d4 cxd4 4. Qxd4 Bd7 5. Nc3 Nc6 6. Qe3 Nf6 7. Bc4 g6 8.
O-O Bg7 9. Ng5 Ne5 10. Be2 h6 11. Nf3 Neg4 12. Qd3 Qa5 13. Bf4 Nh5 14. Bd2 Qc5
15. h3 Ne5 16. Nxe5 Qxe5 17. f4 Qd4+ 18. Be3 Qxd3 19. cxd3 Ng3 20. Rfe1 h5 21.
Kh2 Nxe2 22. Rxe2 O-O 23. Rc1 e6 24. Rec2 a5 25. b3 Bh6 26. a4 Bc6 27. g3 f5
28. Re2 Bg7 29. Nb5 fxe4 30. dxe4 Bxe4 31. Nxd6 Bd5 32. Rb1 Rfd8 33. Bc5 Bf8
34. Nxb7 Bxb7 35. Bxf8 Kxf8 36. Rxe6 Rd2+ 37. Kg1 Rg2+ 38. Kf1 Rxg3 39. Kf2
Rf3+ 40. Ke2 Rxf4 41. Rxg6 Re8+ 42. Kd2 Be4 0-1

[Event "?"]
[Site "?"]
[Date "2011.08.13"]
[Round "3.48"]
[White "Halle, Matthias"]
[Black "de Vivie, Achim"]
[Result "0-1"]
[WhiteElo "960"]
[BlackElo "1768"]
[PlyCount "90"]
[EventDate "2011.??.??"]
[WhiteTeam "SG Burgtonna"]
[BlackTeam "SF Köln-Longerich 195"]

1. e4 e5 2. Bc4 Nf6 3. Nc3 Bc5 4. Qe2 Nc6 5. Nf3 d6 6. h3 O-O 7. O-O h6 8. a3
a6 9. Nd5 Be6 10. Nh4 Nd4 11. Qd3 c6 12. Nxf6+ Qxf6 13. Nf5 Bxc4 14. Qxc4 Nxf5
15. exf5 Qxf5 16. Qh4 d5 17. d3 Rfe8 18. Qg3 Kh7 19. Bd2 Bd6 20. f3 Rad8 21.
Rae1 Qf6 22. Bc3 d4 23. Ba5 Rb8 24. Bd2 e4 25. Qg4 e3 26. Bc1 g6 27. f4 h5 28.
Qf3 Qh4 29. b4 Re7 30. Bb2 c5 31. c3 dxc3 32. Bxc3 cxb4 33. axb4 Rbe8 34. Re2
g5 35. Bf6 g4 36. Bxh4 gxf3 37. Rxf3 Re6 38. f5 Re5 39. Bg3 Rd5 40. Rexe3 Rxe3
41. Rxe3 Bxb4 42. Be1 Bc5 43. Bd2 Rxd3 44. Kf2 Bxe3+ 45. Bxe3 Rxe3 0-1

[Event "?"]
[Site "?"]
[Date "2011.08.14"]
[Round "4.4"]
[White "Eigemann, Julian"]
[Black "Evers, Leo"]
[Result "1/2-1/2"]
[WhiteElo "1954"]
[BlackElo "2039"]
[PlyCount "39"]
[EventDate "2011.??.??"]
[WhiteTeam "SG Porz e.V."]
[BlackTeam "SG Porz e.V."]

1. Nc3 d5 2. e4 d4 3. Nce2 e5 4. Ng3 Be6 5. Nf3 f6 6. c3 c5 7. Bb5+ Nd7 8. d3
Bd6 9. c4 Ne7 10. O-O O-O 11. Bxd7 Qxd7 12. Qe2 a6 13. b3 b5 14. Qc2 Rfb8 15.
Bd2 Nc6 16. Rfb1 Ra7 17. Ne1 Rb6 18. Qc1 Qb7 19. Nc2 b4 20. f4 1/2-1/2

[Event "?"]
[Site "?"]
[Date "2011.08.14"]
[Round "4.5"]
[White "Budszuhn, Timo"]
[Black "Tochtenhagen, Wolfgang"]
[Result "1/2-1/2"]
[WhiteElo "1886"]
[BlackElo "2077"]
[PlyCount "140"]
[EventDate "2011.??.??"]
[WhiteTeam "SG Bochum 1931"]
[BlackTeam "DJK Aufwärts St. Josef Aachen 19"]

1. e4 c5 2. Nf3 Nc6 3. d4 cxd4 4. Nxd4 g6 5. Nc3 Bg7 6. Be3 Nf6 7. Bc4 O-O 8.
Bb3 a5 9. a4 Ng4 10. Nxc6 Nxe3 11. Nxd8 Nxd1 12. Nd5 Rxd8 13. Rxd1 Kf8 14. Nb6
Rb8 15. c3 d6 16. Rd5 Be6 17. Rb5 Bd7 18. Rxa5 Bc6 19. f3 e6 20. Kf2 Ke7 21.
Rd1 f5 22. exf5 gxf5 23. Re1 e5 24. Bd5 Kf8 25. Be6 f4 26. Rd1 Bf6 27. Bf5 h6
28. b4 e4 29. Bxe4 Bxc3 30. Rf5+ Kg7 31. b5 Bxe4 32. fxe4 Be5 33. Nc4 Re8 34.
Nxe5 dxe5 35. Rd5 Ra8 36. Rfxe5 Rxe5 37. Rxe5 Rxa4 38. Kf3 Kf6 39. Kxf4 Ra2 40.
Rh5 Kg6 41. g4 Rb2 42. Rd5 Rxh2 43. b6 Rf2+ 44. Ke3 Rb2 45. Rd6+ Kg5 46. Kd4
Rb4+ 47. Kd5 Rb5+ 48. Kc4 Rb1 49. Kc5 Rc1+ 50. Kd5 Rb1 51. e5 Rb5+ 52. Kd4 Rb4+
53. Kc5 Rxg4 54. Rd7 Kf5 55. Rxb7 Kxe5 56. Re7+ Kf6 57. Rh7 Rg5+ 58. Kc6 Rg6
59. b7 Kg5+ 60. Kc7 Rg8 61. b8=Q Rxb8 62. Kxb8 h5 63. Kc7 h4 64. Kd6 Kg4 65.
Ke5 h3 66. Ke4 Kg3 67. Ke3 Kg2 68. Rg7+ Kf1 69. Rf7+ Kg2 70. Rf2+ Kg3 1/2-1/2

[Event "?"]
[Site "?"]
[Date "2011.08.14"]
[Round "4.7"]
[White "Eigemann, Frederik"]
[Black "Fieberg, Christoph"]
[Result "1/2-1/2"]
[WhiteElo "2014"]
[BlackElo "1776"]
[PlyCount "62"]
[EventDate "2011.??.??"]
[WhiteTeam "SG Porz e.V."]
[BlackTeam "SG Porz e.V."]

1. d4 d5 2. c4 c6 3. Nf3 Nf6 4. Nbd2 Qa5 5. g3 Ne4 6. Bg2 dxc4 7. O-O Nd6 8.
Qc2 g6 9. Ne5 Bg7 10. Ndxc4 Nxc4 11. Nxc4 Qb5 12. Rd1 O-O 13. b3 Be6 14. Ba3
Re8 15. Bb2 Na6 16. a3 Rad8 17. Rd3 Nc7 18. e4 f5 19. a4 Qa6 20. f3 fxe4 21.
fxe4 Bf7 22. Rad1 Ne6 23. d5 cxd5 24. exd5 Nc5 25. R3d2 Rc8 26. Bxg7 Kxg7 27.
Rf2 Nxa4 28. Bf1 b5 29. bxa4 bxc4 30. Rf4 Qb6+ 31. Kh1 Qc5 1/2-1/2

[Event "?"]
[Site "?"]
[Date "2011.08.14"]
[Round "4.9"]
[White "Lecomte, Romain"]
[Black "Vaerst, Joachim"]
[Result "0-1"]
[WhiteElo "1789"]
[BlackElo "1954"]
[PlyCount "70"]
[EventDate "2011.??.??"]
[BlackTeam "SV Erftstadt e.V."]

1. d4 d5 2. c4 c6 3. Nc3 e6 4. Nf3 dxc4 5. a4 Bb4 6. e3 b5 7. Bd2 a5 8. b3 Bxc3
9. Bxc3 b4 10. Bxb4 axb4 11. Bxc4 Nd7 12. Qc2 Qb6 13. Rc1 Bb7 14. O-O Ngf6 15.
e4 h6 16. Rfd1 O-O 17. Be2 Rfd8 18. Ne5 Nxe5 19. dxe5 Nd7 20. Qb2 Nf8 21. Rd6
Ng6 22. Rcd1 Rxd6 23. exd6 Qc5 24. Rd4 e5 25. Rd1 Rd8 26. Qd2 Qc3 27. Bc4 Qxd2
28. Rxd2 Nf8 29. a5 Ba8 30. a6 Ne6 31. g3 Nd4 32. Kf1 Rxd6 33. f4 Nb5 34. Ke2
Nc3+ 35. Ke3 exf4+ 0-1

[Event "?"]
[Site "?"]
[Date "2011.08.14"]
[Round "4.10"]
[White "Lessing, Sebastian"]
[Black "Gottas, Mike"]
[Result "1/2-1/2"]
[WhiteElo "1767"]
[BlackElo "1949"]
[PlyCount "65"]
[EventDate "2011.??.??"]
[WhiteTeam "SG Porz e.V."]
[BlackTeam "SV Wiehl 1923 e.V."]

1. Nc3 b6 2. e4 Bb7 3. Bc4 e6 4. Nf3 Bb4 5. Qe2 Ne7 6. O-O O-O 7. Nd1 d5 8. Bd3
Ng6 9. g3 Be7 10. Re1 d4 11. b3 c5 12. c4 Nc6 13. Bb1 Qc7 14. d3 Bd6 15. Nd2 f5
16. exf5 exf5 17. f4 Rae8 18. Qxe8 Rxe8 19. Rxe8+ Kf7 20. Re2 Bxf4 21. gxf4
Nxf4 22. Rf2 Nh3+ 23. Kf1 Nxf2 24. Nxf2 Qf4 25. Bc2 Nb4 26. Nde4 Qxh2 27. Ng5+
Kf6 28. Bd1 Bg2+ 29. Ke2 Qe5+ 30. Nge4+ fxe4 31. Ng4+ Kf5 32. Nxe5 Kxe5 33.
dxe4 1/2-1/2

[Event "?"]
[Site "?"]
[Date "2011.08.14"]
[Round "4.11"]
[White "Vaskovitch, Mark"]
[Black "Spradley, Julian"]
[Result "0-1"]
[WhiteElo "1738"]
[BlackElo "1918"]
[PlyCount "104"]
[EventDate "2011.??.??"]
[WhiteTeam "SF Köln-Longerich 195"]
[BlackTeam "SV Erftstadt e.V."]

1. e4 e6 2. d4 d5 3. exd5 exd5 4. Bd3 Bd6 5. Ne2 Ne7 6. c3 Bf5 7. Bg5 f6 8. Bf4
Nbc6 9. Bxd6 Qxd6 10. Qc2 Bxd3 11. Qxd3 O-O-O 12. Nd2 g5 13. O-O-O Ng6 14. g3
Nce7 15. Rhf1 f5 16. f4 g4 17. Kb1 h5 18. Nc1 h4 19. Rfe1 hxg3 20. hxg3 Rh3 21.
Re3 Qd7 22. Rde1 Rdh8 23. Nf1 Kd8 24. Qe2 Nc8 25. Nd3 b6 26. Ne5 Nxe5 27. Rxe5
R3h7 28. Ne3 Ne7 29. c4 Rh2 30. Qd3 dxc4 31. Qxc4 Rh1 32. Nc2 Rxe1+ 33. Nxe1
Rh6 34. Qd3 Rd6 35. Nc2 c5 36. a3 cxd4 37. Nb4 a5 38. Nc2 Ke8 39. Ne1 Re6 40.
Qe2 Rxe5 41. fxe5 Qd5 42. Qc2 Qxe5 43. Nd3 Qxg3 44. Qa4+ Kf7 45. Qxd4 Ng6 46.
Qd7+ Kf6 47. Qd4+ Kg5 48. Qd8+ Kh5 49. Kc2 Qg2+ 50. Kc3 Qf3 51. Qxb6 Nf4 52.
Qd4 Ne2+ 0-1

[Event "?"]
[Site "?"]
[Date "2011.08.14"]
[Round "4.13"]
[White "Knütter, Helmut"]
[Black "Esser, Thomas"]
[Result "0-1"]
[WhiteElo "1592"]
[BlackElo "1910"]
[PlyCount "92"]
[EventDate "2011.??.??"]
[WhiteTeam "SK Sülz-Klettenberg"]
[BlackTeam "SV Horrem 1948"]

1. e4 c5 2. Nf3 Nc6 3. d4 cxd4 4. Nxd4 e6 5. c3 Nf6 6. Bd3 d5 7. Nxc6 bxc6 8.
exd5 cxd5 9. O-O Be7 10. c4 O-O 11. Nc3 d4 12. Ne4 Bb7 13. Qc2 Bxe4 14. Bxe4
Nxe4 15. Qxe4 Qb6 16. b3 f5 17. Qf3 Rad8 18. Bf4 Bf6 19. Qg3 Qc5 20. Rae1 Rfe8
21. Bg5 Kh8 22. Bxf6 gxf6 23. Qh4 Qe7 24. Qf4 Qd7 25. Qh4 Qg7 26. f4 d3 27. Rd1
Rd4 28. Rf3 Red8 29. Qe1 Qe7 30. Qf2 d2 31. Re3 Qd6 32. g3 Re4 33. Re2 Rxe2 34.
Qxe2 e5 35. fxe5 fxe5 36. Qe3 Rd7 37. Kf2 f4 38. gxf4 exf4 39. Qc3+ Kg8 40.
Rg1+ Qg6 41. Rd1 f3 42. Qa1 Qg2+ 43. Ke3 Qe2+ 44. Kf4 Rf7+ 45. Kg4 Qg2+ 46. Kh4
Rf4+ 0-1

[Event "?"]
[Site "?"]
[Date "2011.08.14"]
[Round "4.17"]
[White "Fieberg, Samuel"]
[Black "Jordans, Ralph"]
[Result "0-1"]
[WhiteElo "1530"]
[BlackElo "1848"]
[PlyCount "56"]
[EventDate "2011.??.??"]
[WhiteTeam "SG Porz e.V."]
[BlackTeam "Ford-SF Köln e.V."]

1. e4 c5 2. Nf3 Nc6 3. d4 cxd4 4. Nxd4 g6 5. Nc3 Bg7 6. Be3 Nf6 7. Be2 O-O 8.
O-O d6 9. f4 Qc7 10. Nxc6 bxc6 11. g4 Bb7 12. g5 Nd7 13. f5 Be5 14. Qe1 d5 15.
Qf2 f6 16. h4 fxg5 17. hxg5 dxe4 18. Bc4+ Kh8 19. Nxe4 Rxf5 20. Qh4 Raf8 21.
Rxf5 Rxf5 22. Rf1 Rxf1+ 23. Kxf1 Nb6 24. Bd3 Nd5 25. Bf2 Nf4 26. Bc4 Qd8 27.
Bc5 Qd1+ 28. Qe1 Qf3+ 0-1

[Event "?"]
[Site "?"]
[Date "2011.08.14"]
[Round "4.18"]
[White "Jansen, Kurt"]
[Black "Maczkowiak, Thomas"]
[Result "1/2-1/2"]
[WhiteElo "1401"]
[BlackElo "1834"]
[PlyCount "128"]
[EventDate "2011.??.??"]
[WhiteTeam "SK Sülz-Klettenberg"]
[BlackTeam "SG Ennepe-Ruhr-S"]

1. e4 c6 2. d4 d5 3. exd5 cxd5 4. Bd3 Nc6 5. c3 Nf6 6. Ne2 Bg4 7. f3 Bh5 8. Ng3
Bg6 9. Bf4 Bxd3 10. Qxd3 e6 11. Qb5 Qd7 12. Nd2 Be7 13. O-O O-O 14. Nb3 a6 15.
Qe2 Bd6 16. Be5 Qe7 17. Rae1 Bxe5 18. dxe5 Nd7 19. f4 Rac8 20. Qg4 Kh8 21. Rf3
g6 22. h4 Rg8 23. Qg5 Qxg5 24. hxg5 Ne7 25. Rd3 Nc5 26. Nxc5 Rxc5 27. Kf2 Rgc8
28. Red1 Kg7 29. Ke3 Nc6 30. Ne2 Na5 31. b3 b5 32. Kf3 Nb7 33. b4 R5c7 34. Ra1
Ra8 35. a4 bxa4 36. Rxa4 Rcc8 37. Rd1 Kg8 38. Rda1 a5 39. R4a3 Rc6 40. b5 Rc5
41. Nd4 Kf8 42. Ke3 Rac8 43. Kd2 Rc4 44. g3 R4c5 45. Rb1 Ra8 46. Ra4 Kg7 47.
Rba1 Rac8 48. Rc1 Kf8 49. Ra3 Kg7 50. Rb1 Kf8 51. Rbb3 Kg7 52. Nc6 Ra8 53. Ra4
Kf8 54. Kd3 Rxc6 55. bxc6 Nc5+ 56. Kc2 Nxb3 57. Kxb3 Rc8 58. Rxa5 Rxc6 59. Ra7
Rc4 60. Ra4 Rc7 61. Kc2 Rb7 62. Rd4 Ra7 63. Kb2 Rb7+ 64. Kc2 Ra7 1/2-1/2

[Event "?"]
[Site "?"]
[Date "2011.08.14"]
[Round "4.20"]
[White "Mischke, Eckhard"]
[Black "Karwatzki, Hans-Jürgen"]
[Result "1-0"]
[WhiteElo "1813"]
[BlackElo "1561"]
[PlyCount "105"]
[EventDate "2011.??.??"]
[WhiteTeam "Sportgemeinschaft Kaarst 1912/35"]
[BlackTeam "Vereinigung der Schachsportfreun"]

1. Nf3 d5 2. g3 Nc6 3. Bg2 e5 4. d3 f5 5. Bg5 Nf6 6. O-O Bd6 7. Nc3 d4 8. Nb5
f4 9. c3 h6 10. Bxf6 Qxf6 11. cxd4 exd4 12. Nxd6+ Qxd6 13. Rc1 Be6 14. Qa4 Bd5
15. Nd2 Bxg2 16. Kxg2 Qd5+ 17. Ne4 O-O 18. Rc5 Qf7 19. f3 Rae8 20. g4 Kh8 21.
Re1 Qg6 22. Rd5 Ne5 23. Qxd4 Nxg4 24. Rg1 Nf6+ 25. Kf2 Qf7 26. Nxf6 Qxf6 27.
Rg4 Qxd4+ 28. Rxd4 g5 29. h4 Rf5 30. hxg5 hxg5 31. Rd7 Rfe5 32. e4 fxe3+ 33.
Ke2 Rc5 34. Re4 Rxe4 35. fxe4 Rc2+ 36. Kxe3 Rxb2 37. e5 Rb1 38. Kf2 Kg8 39.
Rxc7 Kf8 40. d4 Rb5 41. Ke3 a5 42. Ke4 g4 43. Rd7 a4 44. Kf4 a3 45. Kxg4 Rb2
46. Kf5 Rxa2 47. Rxb7 Rb2 48. Ra7 a2 49. d5 Rd2 50. Ke6 Re2 51. d6 a1=Q 52.
Rxa1 Rf2 53. d7 1-0

[Event "?"]
[Site "?"]
[Date "2011.08.14"]
[Round "4.21"]
[White "Schmidt, Kai-Uwe"]
[Black "Braun, Oskar"]
[Result "1-0"]
[WhiteElo "1927"]
[BlackElo "1738"]
[PlyCount "81"]
[EventDate "2011.??.??"]
[WhiteTeam "Klub Kölner SF e.V. 1"]
[BlackTeam "SV Wesel 1928 e.V."]

1. d4 d5 2. c4 c6 3. Nc3 dxc4 4. e4 b5 5. a4 b4 6. Na2 Nf6 7. e5 Nd5 8. Bxc4 e6
9. Nf3 Be7 10. O-O O-O 11. Qe2 Nd7 12. Bd3 Bb7 13. Qe4 g6 14. Bh6 Re8 15. h4
Bf8 16. Bxf8 Rxf8 17. h5 Qe8 18. Qh4 Kg7 19. Ng5 Rh8 20. h6+ Kf8 21. a5 a6 22.
Nc1 c5 23. Nb3 cxd4 24. Qxd4 Qe7 25. f4 Rc8 26. Rac1 Rxc1 27. Rxc1 Nb8 28. g3
Nc6 29. Qc5 Qxc5+ 30. Nxc5 Ba8 31. Bxa6 Nxa5 32. Ncxe6+ Ke7 33. Nc7 Kd7 34.
Nxd5 Bxd5 35. Rc5 Bb7 36. Rxa5 Ra8 37. Bb5+ Ke7 38. Rxa8 Bxa8 39. Bc4 f6 40.
exf6+ Kxf6 41. Nxh7+ 1-0

[Event "?"]
[Site "?"]
[Date "2011.08.14"]
[Round "4.22"]
[White "Dabringhaus, Christian"]
[Black "Schüller, Tobias"]
[Result "1-0"]
[WhiteElo "1691"]
[BlackElo "1852"]
[PlyCount "107"]
[EventDate "2011.??.??"]
[WhiteTeam "Klub Kölner SF e.V. 1"]
[BlackTeam "Eschweiler SC 1921 e.V."]

1. d4 Nf6 2. Nf3 d5 3. g3 c6 4. Bg2 Bf5 5. Nh4 Be4 6. f3 Bg6 7. Nxg6 hxg6 8.
Be3 Qb6 9. b3 e6 10. O-O a5 11. a3 Be7 12. Bf2 Nbd7 13. Nd2 O-O 14. c4 Qa6 15.
Qc2 a4 16. b4 b5 17. c5 e5 18. e3 Rfe8 19. Rae1 Bf8 20. Re2 exd4 21. e4 Re7 22.
Bxd4 Rae8 23. Rfe1 Qb7 24. e5 Nh7 25. f4 Nb8 26. Nf3 Na6 27. e6 f5 28. Nh4 Qc8
29. Nxg6 Rxe6 30. Ne5 Rf6 31. Bh3 g6 32. Nxg6 Rxe2 33. Rxe2 Re6 34. Rxe6 Qxe6
35. Nxf8 Nxf8 36. Bxf5 Qe1+ 37. Kg2 Nxb4 38. axb4 Qxb4 39. Qc3 Qc4 40. Qxc4
dxc4 41. Bc3 a3 42. Bb1 Ne6 43. Bb4 Nd4 44. Bxa3 c3 45. Ba2+ Kf8 46. Kf2 Kg7
47. Kf1 c2 48. Ke1 b4 49. Bb2 b3 50. Bxb3 c1=Q+ 51. Bxc1 Nxb3 52. Be3 Na5 53.
Ke2 Kg6 54. g4 1-0

[Event "?"]
[Site "?"]
[Date "2011.08.14"]
[Round "4.23"]
[White "Pister, Gottlieb"]
[Black "Meyer, Stefan"]
[Result "0-1"]
[WhiteElo "1833"]
[BlackElo "1673"]
[PlyCount "120"]
[EventDate "2011.??.??"]
[WhiteTeam "SF Köln-Longerich 195"]
[BlackTeam "SV Grevenbroich 1953"]

1. e4 c5 2. Nf3 e6 3. d4 cxd4 4. Nxd4 a6 5. c4 Qa5+ 6. Nc3 Bb4 7. Bd2 Qe5 8.
Nf3 Qc7 9. a3 Bc5 10. b4 Be7 11. Rc1 Nc6 12. Bd3 Nf6 13. Qe2 O-O 14. O-O Ng4
15. g3 Nge5 16. Bf4 Bd6 17. c5 Nxf3+ 18. Qxf3 Bxf4 19. gxf4 f5 20. e5 b6 21.
cxb6 Qxb6 22. Na4 Qa7 23. Nc5 Rb8 24. Nxe6 Nxe5 25. fxe5 Bb7 26. Qg3 dxe6 27.
Rc7 Rf7 28. Rfc1 Qb6 29. Rxf7 Kxf7 30. Rc5 (30. Bxf5) 30... a5 31. Rxa5 Qc6 32.
f3 Qc1+ 33. Kf2 f4 34. Qg4 Qe3+ 35. Kg2 Qxd3 36. Rc5 Rc8 37. Qxf4+ Qf5 38.
Qxf5+ exf5 39. Rb5 Bc6 40. Ra5 Ra8 41. Rc5 Bd7 42. Rc3 g5 43. f4 gxf4 44. Kf3
Rc8 45. Rb3 Rc4 46. b5 Bc8 47. b6 Bb7+ 48. Kf2 Re4 49. Rc3 Rxe5 50. Rc7+ Re7
51. Rc4 f3 52. a4 Re2+ 53. Kf1 Ba6 54. Rc7+ Re7+ 55. Kf2 Rxc7 56. bxc7 Ke6 57.
Kxf3 Ke5 58. h4 f4 59. h5 Bb7+ 60. Kf2 Ke4 0-1

[Event "?"]
[Site "?"]
[Date "2011.08.14"]
[Round "4.25"]
[White "Sherif, Amina"]
[Black "Kuhn, Andreas"]
[Result "0-1"]
[WhiteElo "1559"]
[BlackElo "1785"]
[PlyCount "72"]
[EventDate "2011.??.??"]
[WhiteTeam "SG Solingen e.V."]
[BlackTeam "SG Niederkassel"]

1. e4 g6 2. d4 Bg7 3. Nc3 d6 4. Be3 a6 5. Qd2 Nd7 6. Nf3 b5 7. a3 Bb7 8. Bd3
Rc8 9. Ng5 c5 10. d5 Ngf6 11. f3 O-O 12. Nh3 Re8 13. O-O-O e6 14. Nf4 Nb6 15.
Be2 exd5 16. Ncxd5 Nfxd5 17. Nxd5 Nxd5 18. exd5 Qf6 19. c4 Rxe3 20. Rdf1 Rce8
21. Bd1 bxc4 22. Ba4 R8e7 23. Bd1 Rxa3 24. Kb1 Rae3 25. Rf2 Qf5+ 26. Bc2 Qxd5
27. Qxd5 Bxd5 28. Rd2 Bd4 29. Bd1 Rb7 30. Kc2 Be6 31. g4 Rxb2+ 32. Kc1 c3 33.
Rc2 Bb3 34. Rxb2 cxb2+ 35. Kb1 Bc4 36. Bc2 Ra3 0-1

[Event "?"]
[Site "?"]
[Date "2011.08.14"]
[Round "4.29"]
[White "Meinberger, Manfred"]
[Black "Hayward, Alan"]
[Result "1/2-1/2"]
[WhiteElo "1577"]
[BlackElo "1977"]
[PlyCount "50"]
[EventDate "2011.??.??"]
[WhiteTeam "SGrupp Rochade Disteln 199"]

1. f4 d5 2. Nf3 g6 3. e3 Bg7 4. d4 c6 5. Bd3 Nh6 6. O-O Nf5 7. Qe2 h5 8. Nbd2
Nd6 9. c3 Bf5 10. e4 dxe4 11. Nxe4 Nxe4 12. Bxe4 e6 13. Bxf5 gxf5 14. Bd2 Nd7
15. Rae1 Qe7 16. b4 Nf6 17. a4 Ne4 18. Ng5 Nxd2 19. Qxd2 O-O-O 20. Nf3 Kb8 21.
Qe2 h4 22. Ne5 Bxe5 23. Qxe5+ Qc7 24. Qxc7+ Kxc7 25. Rf3 Kd6 1/2-1/2

[Event "?"]
[Site "?"]
[Date "2011.08.14"]
[Round "4.30"]
[White "Viganske, Christian"]
[Black "Busse, Alexander"]
[Result "1-0"]
[WhiteElo "1893"]
[BlackElo "1578"]
[PlyCount "81"]
[EventDate "2011.??.??"]
[WhiteTeam "SK Turm Euskirchen 65"]
[BlackTeam "Brühler SK 1920 e.V."]

1. e4 b6 2. d4 d5 3. exd5 Qxd5 4. c4 Qe4+ 5. Be2 Qg6 6. Bf3 c6 7. Ne2 Qd6 8.
Bf4 Qb4+ 9. Nd2 Bb7 10. Qc2 e6 11. a3 Qe7 12. Ne4 Qd7 13. O-O Be7 14. c5 Nf6
15. Nd6+ Bxd6 16. Bxd6 Nd5 17. Ng3 Ne7 18. Ne4 O-O 19. Ng5 g6 20. Qd2 Na6 21.
Qf4 f6 22. Nxe6 Rf7 23. Bg4 Nd5 24. Qh6 f5 25. Ng5 fxg4 26. Nxf7 Qxf7 27. Rfe1
bxc5 28. dxc5 Nac7 29. Re4 Ne8 30. Rae1 Nxd6 31. cxd6 Qf8 32. Qxf8+ Kxf8 33. d7
Nc7 34. Re7 Rd8 35. Rxh7 Kg8 36. Ree7 Ba6 37. Reg7+ Kf8 38. Rxg6 Bd3 39. Rh8+
Kf7 40. Rxd8 Bxg6 41. Rf8+ 1-0

[Event "?"]
[Site "?"]
[Date "2011.08.14"]
[Round "4.31"]
[White "Zilberman, Rodion"]
[Black "Kronseder, Michael"]
[Result "1-0"]
[WhiteElo "1868"]
[BlackElo "1552"]
[PlyCount "93"]
[EventDate "2011.??.??"]
[WhiteTeam "SF Köln-Longerich 195"]
[BlackTeam "SV 1925 Hürth-Berrenra"]

1. d4 c5 2. e3 d5 3. g3 Nc6 4. Bg2 Nf6 5. Ne2 Bf5 6. a3 e6 7. O-O cxd4 8. Nxd4
Nxd4 9. exd4 Rc8 10. c3 Qb6 11. Nd2 Be7 12. Qa4+ Rc6 13. Nf3 Qa6 14. Qd1 O-O
15. Re1 b5 16. Ne5 Rc7 17. Bf4 Rfc8 18. Bf1 Qb7 19. Bd3 Bxd3 20. Nxd3 Rc6 21.
f3 Nh5 22. Bd2 Bd6 23. f4 Nf6 24. b4 Ne4 25. Nc5 Nxc5 26. bxc5 Be7 27. Qb3 a6
28. a4 Rb8 29. Reb1 Kf8 30. axb5 axb5 31. Ra5 Ke8 32. Rxb5 Qxb5 33. Qxb5 Rxb5
34. Rxb5 Kd7 35. Kf2 f6 36. Kf3 e5 37. f5 Kc7 38. Ra5 Kb7 39. g4 e4+ 40. Ke3
Bd8 41. Ra4 Ra6 42. Rxa6 Kxa6 43. c4 dxc4 44. Kxe4 Ba5 45. Bxa5 Kxa5 46. d5 Kb4
47. c6 1-0

[Event "?"]
[Site "?"]
[Date "2011.08.14"]
[Round "4.32"]
[White "Schwark, Mario"]
[Black "Sewald, Jörg"]
[Result "0-1"]
[WhiteElo "1842"]
[BlackElo "1525"]
[PlyCount "120"]
[EventDate "2011.??.??"]
[WhiteTeam "SG Kalker/Deutze"]
[BlackTeam "SF Esch e.V."]

1. d4 Nf6 2. Nf3 d5 3. c4 c6 4. Nc3 e6 5. Bg5 Be7 6. e3 O-O 7. a3 Nbd7 8. c5
Re8 9. Bd3 h6 10. Bh4 Nh7 11. Bg3 Bf6 12. Ne5 Nxe5 13. dxe5 Be7 14. b4 a5 15.
O-O axb4 16. axb4 Rxa1 17. Bxh7+ Kxh7 18. Qc2+ Kg8 19. Rxa1 b6 20. Ra8 bxc5 21.
bxc5 Bxc5 22. Na4 Bf8 23. Qb3 Qe7 24. h4 Qb4 25. Qxb4 Bxb4 26. Rb8 Ba5 27. Ra8
Bb4 28. h5 c5 29. Ra7 c4 30. f3 Re7 31. Ra8 Rc7 32. Nb2 Bd2 33. Kf1 Bxe3 34.
Ke2 Bd4 35. Na4 Kh7 36. Kd1 Bd7 37. Kc2 Bxa4+ 38. Rxa4 Rb7 39. Ra2 g6 40. hxg6+
Kxg6 41. f4 f6 42. exf6 Kxf6 43. Be1 Kf5 44. g3 Rb3 45. Ra8 Rb2+ 46. Kc1 Rh2
47. Rc8 Rh1 48. Kd2 Bc3+ 49. Kxc3 Rxe1 50. Rf8+ Ke4 51. Rg8 Re3+ 52. Kc2 d4 53.
Rg6 Kf5 54. Rg8 Re2+ 55. Kd1 d3 56. Rc8 Rc2 57. Rf8+ Kg4 58. Rg8+ Kf3 59. Rg6
c3 60. Rxe6 Ra2 0-1

[Event "?"]
[Site "?"]
[Date "2011.08.14"]
[Round "4.34"]
[White "Margenberg, Volker"]
[Black "Hiendl, David"]
[Result "0-1"]
[WhiteElo "1713"]
[BlackElo "1442"]
[PlyCount "80"]
[EventDate "2011.??.??"]
[WhiteTeam "SV Wiehl 1923 e.V."]
[BlackTeam "SF Lohmar 1974 e.V."]

1. d4 d5 2. c4 e6 3. Nc3 Nf6 4. Nf3 Nbd7 5. Bg5 dxc4 6. e3 h6 7. Bh4 Be7 8.
Bxc4 Nb6 9. Bd3 Nfd5 10. Nxd5 Nxd5 11. Bxe7 Qxe7 12. a3 Bd7 13. Qc2 Rc8 14. O-O
Nf6 15. Ne5 O-O 16. Rac1 Qd6 17. Qe2 c5 18. Nf3 cxd4 19. Nxd4 a6 20. b4 b5 21.
Nb3 Ng4 22. f4 e5 23. Rcd1 Qe7 24. Nc5 Rxc5 25. bxc5 Qxc5 26. Kh1 Nxe3 27. Rc1
Qd4 28. Rfe1 exf4 29. Qd2 Kh8 30. Re2 Bg4 31. Rf2 Rd8 32. Rc3 Bf5 33. Bxf5 Nxf5
34. Qxd4 Rxd4 35. h3 Ng3+ 36. Kh2 g5 37. Rfc2 Kg7 38. Rc6 Rd3 39. R6c3 Rd4 40.
Rc1 Ne2 0-1

[Event "?"]
[Site "?"]
[Date "2011.08.14"]
[Round "4.35"]
[White "Milde, Mathias"]
[Black "Steinberg, Florian"]
[Result "1-0"]
[WhiteElo "1711"]
[BlackElo "1367"]
[PlyCount "45"]
[EventDate "2011.??.??"]
[WhiteTeam "SV Wiehl 1923 e.V."]
[BlackTeam "Klub Kölner SF e.V. 1"]

1. e4 e5 2. Nf3 Nc6 3. Bc4 Bc5 4. O-O Nf6 5. d3 d6 6. h3 Be6 7. Nbd2 Qe7 8. c3
Bb6 9. a4 O-O-O 10. b4 a5 11. Ba3 Qd7 12. Bb5 Qe7 13. Qc2 Bd7 14. Nc4 axb4 15.
cxb4 Bd4 16. Rac1 Be8 17. Bxc6 Bxc6 18. Nxd4 exd4 19. b5 Be8 20. e5 Nd5 21.
exd6 Qf6 22. Nb6+ Nxb6 23. Qxc7# 1-0

[Event "?"]
[Site "?"]
[Date "2011.08.14"]
[Round "4.36"]
[White "Klein, Andreas Peter"]
[Black "Gnass, Arno"]
[Result "0-1"]
[WhiteElo "1310"]
[BlackElo "1700"]
[PlyCount "42"]
[EventDate "2011.??.??"]
[WhiteTeam "SV 1925 Hürth-Berrenra"]
[BlackTeam "Turnerschaft Bergisch-Gladbach 1"]

1. d4 Nf6 2. c4 g6 3. Nc3 d5 4. Bf4 c6 5. e3 Bg7 6. Nf3 O-O 7. cxd5 Nxd5 8.
Nxd5 Qxd5 9. b3 Bg4 10. Be2 c5 11. dxc5 Bc3+ 12. Kf1 Qxc5 13. Rc1 Qa5 14. Rc2
Nc6 15. h3 Bf5 16. Bd3 Rfd8 17. Bc7 Bxd3+ 18. Kg1 Bxc2 19. Qxc2 Qxc7 20. Qxc3
Rd1+ 21. Ne1 Qe5 0-1